Quiz sur Nauru - Statistiques

Statistiques générales
  • Ce quiz a été pris 2 690 fois
  • Le résultat moyen est 10 sur 16
Statistiques - réponses
Question Réponse % Correct
Nauru est le troisième pays le plus _____ du monde, derrière le Vatican et Monaco Petit
90%
Région d'Océanie à laquelle Nauru appartient {Micro}nésie
89%
Pays qui a envahi Nauru en 1942 et a enfermé les hommes dans des camps de travail Japon
83%
Devise monétaire Dollar
82%
Maladie qui aurait tué un cinquième de la population de Nauru en 1920 Grippe {espagnole}
81%
Pays qui a ensuite administré Nauru jusqu'à l'indépendance de l'île en 1968 Australie
80%
61% des Nauruans sont ____, un bien triste record Obèses
79%
Pays le plus proche Kiribati
65%
Pays dont Nauru était une colonie entre 1888 et 1914 Allemagne
64%
Capitale, de facto Yaren
60%
C'est certainement la raison pour laquelle 40% de la population est atteinte par cette maladie Diabète
53%
Ce que la ligne jaune figurant sur le drapeau représente L'équateur
39%
Langue officielle Nauruan
39%
Substance qui était minée à Nauru et en a fait (brièvement) le pays le plus riche du monde Phosphate
33%
Nom donné à Nauru lors de sa découverte, signifiant « île agréable » en français {Pleasant} Island
28%
Sport national, qui se joue sur un terrain ovale par équipes de 18 joueurs Football australien
27%
Aucun quiz correspondant
Distribution des résultats
% des personnes avec chaque résultat
Percentile par nombre de réponses
Votre historique - résultats
Vous n’avez pas pris ce quiz